Statistics for 2021 Rap Albums

Click here to take the quiz!

General Stats

  • This quiz has been taken 8 times
  • The average score is 51 of 179

Answer Stats

Artist(s)Album Title% Correct
DrakeCertified Lover Boy
100%
Kanye WestDonda
100%
Kanye WestDonda (Deluxe)
100%
Baby KeemThe Melodic Blue
86%
Chief Keef4NEM
71%
Tyler, The CreatorCALL ME IF YOU GET LOST
71%
JPEGMAFIALP!
71%
Lil Nas XMontero
71%
Lil TeccaWe Love You Tecca 2
71%
Juice WRLDFighting Demons
57%
NasKing's Disease II
57%
Doja CatPlanet Her
57%
Young ThugPunk
57%
DrakeScary Hours 2
57%
YSL, Young Thug & GunnaSlime Language 2
57%
YSL, Young Thug & GunnaSlime Language 2 (Deluxe)
57%
J. ColeThe Off-Season
57%
Trippie ReddTrip At Knight
57%
YeatUp 2 Më
57%
Bryson TillerA N N I V E R S A R Y (Deluxe)
43%
MigosCulture III
43%
JPEGMAFIAEP2!
43%
Pop SmokeFaith
43%
The Kid LAROIFUCK LOVE 3: OVER YOU
43%
Juice WRLDGoodbye & Good Riddance (Anniversary Edition)
43%
Polo GHall of Fame
43%
Polo GHall of Fame 2.0
43%
Westside GunnHitler Wears Hermes 8: Sincerely Adolf (Side A)
43%
Westside GunnHitler Wears Hermes 8: Sincerely Adolf (Side B)
43%
Don ToliverLife of a Don
43%
Trippie Redd & Travis BarkerNEON SHARK
43%
Tierra WhackRap?
43%
Megan Thee StallionSomething for Thee Hotties
43%
MF DOOM & CzarfaceSuper What?
43%
Isaiah RashadThe House Is Burning
43%
Pi'erre BourneThe Life of Pi'erre 5
43%
AminéTWOPOINTFIVE
43%
Vince StaplesVince Staples
43%
Nardo WickWho Is Nardo Wick?
43%
SosMula13 SONGS 2 DIE 2
29%
Moneybagg YoA Gangsta's Pain
29%
KSIAll Over the Place
29%
KSIAll Over the Place (Deluxe)
29%
A Boogie Wit da HoodieB4 AVA
29%
DaBabyBack On My Baby Jesus Shit Again
29%
PouyaBlood Was Never Thick As Water
29%
LogicBobby Tarantino III
29%
City MorgueCITY MORGUE VOLUME 3: BOTTOM OF THE BARREL
29%
NFClouds
29%
ComethazineComethazine The Album
29%
CleverCrazy
29%
ScarlxrdDeadRising
29%
Lil TjayDestined 2 Win
29%
DDG & OG ParkerDie 4 Respect
29%
ZillaKamiDOG BOY
29%
Young NudyDr. Ev4l
29%
Young Dolph & Key GlockDum and Dummer 2
29%
bbno$eat ya veggies
29%
24kGoldnEl Dorado
29%
42 DuggFree Dem Boyz
29%
OhGeesyGeezyworld
29%
Kodak BlackHaitian Boy Kodak
29%
Kodak BlackHappy Birthday Kodak
29%
RembleIt's Remble
29%
YNW MellyJust a Matter of Slime
29%
Night LovellJust Say You Don't Care
29%
DJ KhaledKhaled Khaled
29%
KillyKillstreak 2
29%
Roddy RicchLive Life Fast
29%
$uicideboy$Long Term Effects of SUFFERING
29%
Only The FamilyLoyal Bros
29%
CJLoyalty Over Royalty
29%
Rich The KidLucky 7
29%
Lil YachtyMichigan Boy Boat
29%
Lil Pump & Ronny JNo Name
29%
DaxPain Paints Paintings
29%
SmokepurppPsycho (Legally Insane)
29%
BROCKHAMPTONRoadrunner: New Light, New Machine
29%
BONESSCRAPS
29%
Pooh ShiestyShiesty Season
29%
YoungBoy Never Broke AgainSincerely, Kentrell
29%
Ski Mask The Slump GodSin City The Mixtape
29%
Gucci Mane & 1017So Icy Boyz
29%
Rod WaveSoulFly
29%
Rod WaveSoulFly (Deluxe)
29%
21 Savage & Slaughter GangSpiral: From the Book of Saw Soundtrack
29%
Sleepy HallowStill Sleep?
29%
BladeeThe Fool
29%
Lil DurkThe Voice (Deluxe)
29%
Lil Durk & Lil BabyThe Voice of the Heroes
29%
French MontanaThey Got Amnesia
29%
Lil Wayne & Rich The KidTrust Fund Babies
29%
slowthaiTyron
29%
Lil SkiesUnbothered
29%
Lil SkiesUnbothered (Deluxe)
29%
Denzel Curry & Kenny BeatsUNLOCKED 1.5
29%
UnoTheActivistUnoverse 3
29%
IDKUSEE4YOURSELF
29%
IDKUSEE4YOURSELF (Deluxe)
29%
YBN NahmirVisionland
29%
LUCKI & F1lthyWAKE UP LUCKI
29%
JasiahWar
29%
Central CeeWild West
29%
Key GlockYellow Tape 2
29%
Pi'erre Bourne & TM88Yo!88
29%
Guapdad 4000 & Illmind1176
14%
Guapdad 4000 & Illmind1176 (Deluxe)
14%
JayDaYoungan23 Is Back
14%
G Herbo25
14%
PnB Rock2 Get You Thru The Rain
14%
Kid InkAlive
14%
SkeptaAll In
14%
Tory LanezAlone at Prom
14%
Tech N9neAsin9ne
14%
Almighty JayBattling My Spirit
14%
Nicki MinajBeam Me Up Scotty (Reissue)
14%
Kodak BlackBefore the Album
14%
CochiseBenbow Crescent
14%
EST GeeBigger Than Life or Death
14%
EST GeeBigger Than Life or Death, Pt. 2
14%
Big ScarrBig Grim Reaper
14%
Tee GrizzleyBuilt for Whatever
14%
Fetty WapButterfly Effect
14%
RussCHOMP 2
14%
Uncle MurdaDon't Come Outside Vol. 3
14%
DMXExodus
14%
Meek MillExpensive Pain
14%
Snoop DoggFrom tha Streets 2 tha Suites
14%
YoungBoy Never Broke Again & BirdmanFrom the Bayou
14%
Wiz Khalifa & DJ Daddykat#Fucc2020
14%
PressaGardner Express (Deluxe)
14%
Fat NickGorgeous Glizzy Gordo
14%
GoldLinkHARAM!
14%
88GLAMHeaven Can Wait
14%
Dave East & Harry FraudHoffa
14%
KA$HDAMIHYPERNOVA
14%
Gucci ManeIce Daddy
14%
NasIt Was Written (Expanded Edition)
14%
CordaeJust Unitl...
14%
Bryson TillerKiller Instinct 2: The Nightmare Before
14%
Big30King of Killbranch
14%
YG & MozzyKommunity Service
14%
Yungeen AceLife of Betrayal 2x
14%
NasMagic
14%
Shordie Shordie & Murda BeatzMemory Lane
14%
UnoTheActivist & Travis BarkerMight Not Make It
14%
Boosie BadazzMississippi
14%
Yung BleuMoon Boy
14%
SpotemGottemMost Wanted
14%
bbno$My Oh My
14%
ILOVEMAKONNENMy Parade
14%
REASONNo More, No Less: Demo 1
14%
Young M.AOff the Yak
14%
Kevin GatesOnly the Generals, Pt. II
14%
Young DolphPaper Route Illuminati
14%
Tory LanezPlayboy
14%
SaweetiePretty Summer Playlist: Season 1
14%
Rick RossRicher Than I Ever Been
14%
Young NudyRich Shooter
14%
Young DolphRich Slave (Deluxe)
14%
WifisfuneralSmoking Mirrors
14%
Snoop DoggSnoop Dogg Presents Algorithm
14%
Gucci ManeSo Icy Christmas
14%
Quando RondoStill Taking Risks
14%
MorrayStreet Sermons
14%
Lil ReeseSupa Savage 3
14%
ToosiiThank You for Believing
14%
Iggy AzaleaThe End of an Era
14%
Juicy JThe Hustle Still Continues
14%
G-EazyThese Things Happen Too
14%
Lil GotitTop Chef Gotit
14%
2 ChainzT.R.U. REALigion (Anniversary Edition)
14%
MozzyUntreated Trauma
14%
Maxo KreamWeight of the World
14%
DaveWe're All Alone in This Together
14%
Big Sean & Hit-BoyWhat You Expect
14%
Wiz Khalifa, Cardo & SledgrenWiz Got Wings
14%
MadeinTYO & UnoTheActivistYokohama
14%
LogicYS Collection, Vol. 1
14%

Score Distribution

Percentile by Number Answered

Percent of People with Each Score

Your Score History

You have not taken this quiz